000 00525nam a22001577a 4500
005 20260312170517.0
008 260312b |||||||| |||| 00| 0 eng d
020 _a9780072555219
050 _aHB171.5 SCH
100 _aSchiller, Bradley R.
245 _aStudent Problem Set for Use with The Economy Today
_bthe macro economy today/the micro economy today
_cBradley R. Schiller
250 _a9th ed.
260 _aBoston
_bMcGraw-Hill/Irwin
_c2003
300 _axi. P-72
_bill. some color
_c27.5cm
942 _2lcc
_cBK
_e9th ed.
_n0
999 _c8980
_d8980